000 00479nam a2200157Ia 4500
008 230907s9999||||xx |||||||||||||| ||und||
082 _a621.3
_bHAS
100 _aMuhammad Hassan (00000276420)
_9116778
245 0 _aDesign and Simulation of Load Prioritization using Fuzzy Logic /
260 _aUSPCAS-E, NUST,
_bIslamabad :
_c2022
300 _axi, 40 p.
520 _aTH-444
650 _aMS-EEP Thesis MS Thesis
700 _aDr Abasin Ulasyar
_9117719
942 _cTHE
_2ddc
999 _c602122
_d602122